000 00992nam a22003137a 4500
001 0074
003 DO-SdBNP
005 20180131124222.0
007 0074
008 151103b sp 1981 xxu||||| |||| 00| 0 spa d
020 _a8475250068
040 _aBPMSU
_bspa
_cBPMSU
100 1 0 _aConan Doyle, Arthur,
_d1859-1930
245 1 3 _aEl mundo perdido /
_cSir Arthur Conan Doyle ; traducción J. Agustín Mabieu ; ilustración Margarita Cuesta-Pamies
246 1 0 _aThe lost world
260 _aMadrid, España :
_bAnaya,
_c1981
300 _a272 p. :
_bil.,
_c20 cm.
490 1 0 _aTus libros
490 1 0 _aCiencia ficción
_v9
504 _aIncluye referencias bibliográficas y notas al pie de las páginas
504 _aBibliografías : p. 270-272
700 1 0 _aMabieu, J. Agustín,
_etr.
700 1 0 _aCuesta-Pamies, Margarita,
_eil.
830 0 0 _aTus libros
830 0 0 _aCiencia ficción
_n9
942 _2ddc
_cBK
945 _aInventariado, 2018/MFF
956 _aBrenda Tavárez
999 _c8531
_d8531